00436nam a2200193Ia 4500003000400000005001700004008004100021020001500062040000700077041000800084082001900092100001800111245002600129250000600155260003500161300001700196365001300213650001600226OSt20230503133713.0210423s2005 xx 000 0 und d a8181476506 cAL aeng a589.90133 DOEH aDOELLE (H W). aBacterial metabolism. a2 aNew YorkbAcademic Pressc2005 axiii,738bPB b695cINR aThallophyta